Retail park tenants shift values (Record no. 72806)

MARC details
000 -LEADER
fixed length control field 00930cam a2200193 4500
001 - CONTROL NUMBER
control field WB3921-05
008 - FIXED-LENGTH DATA ELEMENTS--GENERAL INFORMATION
fixed length control field 030603n2003 000 0 eng u
035 ## - SYSTEM CONTROL NUMBER
System control number (Sirsi) u122503
245 ## - TITLE STATEMENT
Title Retail park tenants shift values
260 ## - PUBLICATION, DISTRIBUTION, ETC.
Date of publication, distribution, etc. 2003
490 ## - SERIES STATEMENT
Series statement Retail Week
Volume/sequential designation 30 May 2003, 41(1)
520 ## - SUMMARY, ETC.
Summary, etc. A survey of 74 retailers carried out by FPDSavills has found that lower staff, distribution and property costs, have driven them from high streets to retail parks. It highlights the trend towards smaller units and the popularity of mezzanines. Despite the recent introduction of a new code of practice on leases, retailers have become less keen on unconventional leases. More information is available from FPDSavills at http://www.fpdsavills.co.uk/
590 ## - LOCAL NOTE (RLIN)
Local note WB
650 ## - SUBJECT ADDED ENTRY--TOPICAL TERM
Topical term or geographic name entry element RETAIL PARKS
650 ## - SUBJECT ADDED ENTRY--TOPICAL TERM
Topical term or geographic name entry element LEASES
650 ## - SUBJECT ADDED ENTRY--TOPICAL TERM
Topical term or geographic name entry element OUT OF TOWN RETAIL
690 ## - LOCAL SUBJECT ADDED ENTRY--TOPICAL TERM (OCLC, RLIN)
Topical term or geographic name as entry element PROPERTY-COMMERCIAL PROPERTY-RETAIL PROPERTY
942 ## - ADDED ENTRY ELEMENTS (KOHA)
Suppress in OPAC 0
Holdings
Withdrawn status Lost status Source of classification or shelving scheme Damaged status Not for loan Home library Current library Shelving location Date acquired Total Checkouts Full call number Barcode Date last seen Copy number Price effective from Koha item type
    Dewey Decimal Classification     London London News article 03/06/2003   WB3921-05 122503-1001 06/08/2019 1 06/08/2019 News article